{"text_format":"1","workbook":"xlsx","n_sheets":1,"sheets":["inv_fab_cig_abril_2022"],"not_rendered":{"charts":0,"images":2,"macros":0,"external_links":0,"defined_names":1,"comments":0,"pivot_tables":0},"unopened":[],"bounds":{"document_bytes":16777216,"sheet_cells":100000,"rows_first":2000,"rows_last":500,"rows_between":2000,"halvings":0,"cell_chars":16384,"cell_head_chars":4096},"cells_cut":0,"cells_raw":0,"read":"whole","date_system":"1900"}

{"sheet":"inv_fab_cig_abril_2022","index":0,"n_rows":187,"n_cols":8,"rows_kept":187,"cut":false,"hidden":false,"merged":[[5,7,9,7],[5,0,9,0],[1,0,1,7],[2,0,2,7],[3,0,3,7],[5,1,9,1],[5,2,9,2],[5,3,9,3],[5,4,9,4],[5,5,9,5],[5,6,9,6],[50,0,50,6],[84,0,88,0],[84,1,88,1],[84,2,88,2],[84,3,88,3],[84,4,88,4],[84,5,88,5],[84,6,88,6],[84,7,88,7],[130,0,130,6],[80,0,80,7],[81,0,81,7],[82,0,82,7],[186,0,186,6],[136,0,136,7],[137,0,137,7],[138,0,138,7],[140,0,144,0],[140,1,144,1],[140,2,144,2],[140,3,144,3],[140,4,144,4],[140,5,144,5],[140,6,144,6],[140,7,144,7]]}
[]
["INSTITUTO DEL TABACO DE LA REPÚBLICA DOMINICANA"]
["INVENTARIO FABRICA DE CIGARROS"]
["MES DE ABRIL 2025"]
[]
["Fecha de adquisición y/o registro","Artículo","Código institucional","Descripción artículo","Existencia","Unidad","Costo","Valor"]
[]
[]
[]
[]
["2018-03-05","MAT. INDIRECTOS ( 20 )","ANILLO.B.D","ANILLO BANDERA DOM",1500,"UND",2.7730000000000001,{"$f":"+G11*E11","v":4159.5}]
["2016-02-01","GENERAL ( 21 )","VINOTINTO","VINO TINTO LA FUERZA",120,"UNIDAD",147.13901999999999,{"$f":"+G12*E12","v":17656.682399999998}]
["2017-05-30","MAT. INDIRECTOS ( 20 )","AGR","CIG.ROBUSTO AGR C10-54X6",61,"CAJA",532.00201000000004,32452.122610000002]
["2016-11-07","MAT. INDIRECTOS ( 20 )","CAJ.OKUME","CAJA OKUME 54X5 DE 10",50,"UND",256.59867000000003,12829.933500000001]
["2018-03-12","MAT. INDIRECTOS ( 20 )","CAJA  AGR","CAJA  AGR 54X6 DE 10",128,"UND",591.66705000000002,75733.382400000002]
["2018-03-12","MAT. INDIRECTOS ( 20 )","CAJA OKUME","CAJ OKUME 54X6 DE10",82,"UND",280.44040000000001,22996.112800000003]
["2018-03-12","MAT. INDIRECTOS ( 20 )","CAJA.OKUME","CAJ OKUME 60X5 DE 10",109,"UND",267.0061,29103.6649]
["2017-03-14","MAT. INDIRECTOS ( 20 )","CAJA-OKUME","CAJ OKUME 52X6 DE 10",80,"UND",265.65336000000002,21252.268800000002]
["2017-03-14","MAT. INDIRECTOS ( 20 )","CIG. C10 OKUME","CIG. ROBUSTO C10 54X6 OKUME",20,"CAJA",280,5600]
["2017-03-14","MAT. INDIRECTOS ( 20 )","CIG. C10-OKUME","CIG. ROBUSTO C10 60X5 OKUME",6,"CAJA",267,1602]
["2017-03-14","GENERAL ( 21 )","SHOPPING 1","SHOPPING MEDIANO",860,"UND",45.715789999999998,39315.579399999995]
["2017-03-14","GENERAL ( 21 )","SHOPPING 2","SHOPPING GRANDE",200,"UND",53.1,10620]
["2017-03-14","MAT. INDIRECTOS ( 20 )","CAJ20","CAJA 44X6 DE 20 UNIDADES",11,"CAJ 20",130.30779999999999,1433.3857999999998]
["2017-03-14","MAT. INDIRECTOS ( 20 )","CAJA 54X5","CAJA 54X5 DE 10 UNIDADES",30,"UND",205.0847,6152.5410000000002]
["2017-03-14","MAT. INDIRECTOS ( 20 )","CAJUELA DE CEDRO","CAJUELA DE CEDRO",19,"UND",665,12635]
["2017-03-14","MAT. INDIRECTOS ( 20 )","CELOFAN48X8","CELOFAN 48X8",6000,"UND",4.9112400000000003,29467.440000000002]
["2017-03-14","MAT. INDIRECTOS ( 20 )","SELLO DE GARANTIA","SELLO DE GARANTIA",10000,"UNIDAD",1.1446000000000001,11446]
["2017-03-14","MADERAS ( 9 )","CAJ-OKUME","CAJ OKUME 60X6 DE 10",160,"UND",292.48889000000003,46798.222400000006]
["2017-03-14","MAT. INDIRECTOS ( 20 )","CAJ","CAJA DE 3 UND 50X5",25,"CAJA",132.19999999999999,3304.9999999999995]
["2017-03-14","MAT. INDIRECTOS ( 20 )","CAJA 3","CIG.ROBUSTO C3 50X5",3,"CAJA",132.0103,396.03089999999997]
["2017-03-10","MAT. INDIRECTOS ( 20 )","P-C-195","PAPEL CELOFAN 1.95",2,"UND",17694.099999999999,35388.199999999997]
["2017-03-10","OTROS ( 12 )","ACLC","ANILLO CIGARRO (L. CATADOR )",5000,"UND",3.65,18250]
["2016-11-07","OTROS ( 12 )","AN.60A","ANILLO C. DOM. ( 60 ANIVERSARIO)",10000,"UND",3.65,36500]
["2016-11-07","OTROS ( 12 )","C 64X8","CELOFAN 64X8",3,"MILLAR",3509.2222200000001,10527.666660000001]
["2016-11-07","OTROS ( 12 )","CIG.60X5","CIGARRO ROBUSTO 60X5",207,"UND",69.861369999999994,14461.30359]
["2016-11-07","OTROS ( 12 )","PKNE","PAPEL KRAFT NO ENCERADO (ROLLO)",8,"UND",3481,27848]
["2017-06-06","OTROS ( 12 )","SBTA2C","SOBRES BLANCOS TIMB. A2 COLORES",600,"UND",28.084,16850.400000000001]
["2017-04-10","TABACO ( 19 )","C-60X6","CIG. ROBUSTO C10 60X6 OKUME",12,"UND",292,3504]
["2017-04-03","TABACO ( 19 )","CIGAR 44X4 1/2","CIG. CORONA 44X4 1/2",138,"UND",51.308340000000001,7080.5509200000006]
["2017-04-03","TABACO ( 19 )","CIGARROS 60X5","CIGARROS ROBUSTO 60X5",151,"UND",70.289850000000001,10613.76735]
["2017-04-03","MAT. INDIRECTOS ( 20 )","CIG. OKUME","CIG. ROBUSTO C10 52X6 OKUME",16,"CAJA",265,4240]
["2017-04-03","TABACO ( 19 )","CIGARRO CORONA50X4½","CIGARRO ROBUSTO 50X4½",6,"UND",57.488,344.928]
["2017-04-03","TABACO ( 19 )","CIGARRO CORONA-50X5","CIGARRO ROBUSTO-50X5",9933,"UND",73.95926,734637.32958000002]
["2017-04-03","TABACO ( 19 )","CIGARROS 44X5","CIGARROS CORONA 44X5",8170,"UND",167.98802000000001,1372462.1234000002]
["2017-04-03","TABACO ( 19 )","CIGARROS 50X6","CIGARRO ROBUSTO 50X6",4102,"UND",85.29222,349868.68644000002]
["2017-04-03","TABACO ( 19 )","CIGARROS 52X6","CIGARROS ROBUSTO 52X6",2273,"UND",58.5,132970.5]
["2017-04-03","TABACO ( 19 )","CIGARROS 54X5","CIGARROS ROBUSTO 54X5",4539,"UND",200.822,911531.05799999996]
["2017-04-03","TABACO ( 19 )","CIGARROS 54X6","CIGARROS ROBUSTO 54X6",2555,"UND",139.15729999999999,355546.90149999998]
["2021-03-31","TABACO ( 19 )","CIGARROS 60X6","CIGARROS ROBUSTO 60X6",1247,"UND",70.290000000000006,87651.63]
["2021-03-31","TABACO ( 19 )","CIGC10(50X6)","CIGARRO ROBUSTO C10 50X6",9,"CAJA",207.08,1863.72]
["TOTAL",null,null,null,null,null,null,{"$f":"SUM(H11:H50)","v":4517095.6323499987}]
[]
[]
[]
[]
[]
[]
[]
[]
[]
[]
[]
[]
[]
[]
[]
[]
[]
[]
[]
[]
[]
[]
[]
[]
[]
[]
[]
[]
[]
["INSTITUTO DEL TABACO DE LA REPÚBLICA DOMINICANA"]
["INVENTARIO FABRICA DE CIGARROS"]
["MES DE MAYO 2025"]
[]
["Fecha de adquisición y/o registro","Artículo","Código institucional","Descripción artículo","Existencia","Unidad","Costo","Valor"]
[]
[]
[]
[]
["2018-03-05","MAT. INDIRECTOS ( 20 )","ANILLO.B.D","ANILLO BANDERA DOM",1500,"UND",2.7730000000000001,{"$f":"+G90*E90","v":4159.5}]
["2016-02-01","GENERAL ( 21 )","VINOTINTO","VINO TINTO LA FUERZA",116,"UNIDAD",147.13901999999999,{"$f":"+G91*E91","v":17068.126319999999}]
["2017-05-30","MAT. INDIRECTOS ( 20 )","AGR","CIG.ROBUSTO AGR C10-54X6",61,"CAJA",532.00201000000004,32452.122610000002]
["2016-11-07","MAT. INDIRECTOS ( 20 )","CAJ.OKUME","CAJA OKUME 54X5 DE 10",50,"UND",256.59867000000003,12829.933500000001]
["2018-03-12","MAT. INDIRECTOS ( 20 )","CAJA  AGR","CAJA  AGR 54X6 DE 10",128,"UND",591.66705000000002,75733.382400000002]
["2018-03-12","MAT. INDIRECTOS ( 20 )","CAJA OKUME","CAJ OKUME 54X6 DE10",82,"UND",280.44040000000001,22996.112800000003]
["2018-03-12","MAT. INDIRECTOS ( 20 )","CAJA.OKUME","CAJ OKUME 60X5 DE 10",109,"UND",267.0061,29103.6649]
["2017-03-14","MAT. INDIRECTOS ( 20 )","CAJA-OKUME","CAJ OKUME 52X6 DE 10",20,"UND",265.65336000000002,5313.0672000000004]
["2017-03-14","MAT. INDIRECTOS ( 20 )","CIG. C10-OKUME","CIG. ROBUSTO C10 60X5 OKUME",5,"CAJA",267,1335]
["2017-03-14","GENERAL ( 21 )","SHOPPING 1","SHOPPING MEDIANO",740,"UND",45.715789999999998,33829.684600000001]
["2017-03-14","GENERAL ( 21 )","SHOPPING 2","SHOPPING GRANDE",180,"UND",53.1,9558]
["2017-03-14","MAT. INDIRECTOS ( 20 )","CAJ20","CAJA 44X6 DE 20 UNIDADES",11,"CAJ 20",130.30779999999999,1433.3857999999998]
["2017-03-14","MAT. INDIRECTOS ( 20 )","CAJA 54X5","CAJA 54X5 DE 10 UNIDADES",30,"UND",205.0847,6152.5410000000002]
["2017-03-14","MAT. INDIRECTOS ( 20 )","CAJUELA DE CEDRO","CAJUELA DE CEDRO",19,"UND",665,12635]
["2017-03-14","MAT. INDIRECTOS ( 20 )","CELOFAN48X8","CELOFAN 48X8",6004,"UND",5.5400299999999998,33262.340120000001]
["2017-03-14","MAT. INDIRECTOS ( 20 )","SELLO DE GARANTIA","SELLO DE GARANTIA",10000,"UNIDAD",1.1446000000000001,11446]
["2017-03-14","MADERAS ( 9 )","CAJ-OKUME","CAJ OKUME 60X6 DE 10",160,"UND",292.48889000000003,46798.222400000006]
["2017-03-14","MAT. INDIRECTOS ( 20 )","CAJ","CAJA DE 3 UND 50X5",25,"CAJA",132.19999999999999,3304.9999999999995]
["2017-03-14","MAT. INDIRECTOS ( 20 )","P-C-195","PAPEL CELOFAN 1.95",4,"UND",14511.05,58044.2]
["2017-03-14","OTROS ( 12 )","ACLC","ANILLO CIGARRO (L. CATADOR )",5000,"UND",3.65,18250]
["2017-03-10","OTROS ( 12 )","AN.60A","ANILLO C. DOM. ( 60 ANIVERSARIO)",10000,"UND",3.65,36500]
["2017-03-10","OTROS ( 12 )","C 64X8","CELOFAN 64X8",4,"MILLAR",1263.78,5055.12]
["2016-11-07","OTROS ( 12 )","CEL65X8","CELOFAN 65X8",5,"UND",1133.98,5669.9]
["2016-11-07","OTROS ( 12 )","CELOFAN 54X8","CELOFAN 54X8",12,"UND",1118.6400000000001,13423.68]
["2016-11-07","OTROS ( 12 )","CELOFAN- 58X8","CELOFAN 58X8",12,"MILLAR",1138.7,13664.400000000001]
["2016-11-07","OTROS ( 12 )","CIG.60X5","CIGARRO ROBUSTO 60X5",199,"UND",69.861369999999994,13902.412629999999]
["2017-06-06","OTROS ( 12 )","PKNE","PAPEL KRAFT NO ENCERADO (ROLLO)",8,"UND",3481,27848]
["2017-04-10","OTROS ( 12 )","SBTA2C","SOBRES BLANCOS TIMB. A2 COLORES",500,"UND",28.084,14042]
["2017-04-03","TABACO ( 19 )","C-60X6","CIG. ROBUSTO C10 60X6 OKUME",12,"UND",292,3504]
["2017-04-03","TABACO ( 19 )","CIGAR 44X4 1/2","CIG. CORONA 44X4 1/2",88,"UND",51.308340000000001,4515.1339200000002]
["2017-04-03","TABACO ( 19 )","CIGARROS 60X5","CIGARROS ROBUSTO 60X5",151,"UND",70.289850000000001,10613.76735]
["2017-04-03","MAT. INDIRECTOS ( 20 )","CIG. OKUME","CIG. ROBUSTO C10 52X6 OKUME",25,"CAJA",265,6625]
["2021-03-31","TABACO ( 19 )","CIGARRO CORONA50X4½","CIGARRO ROBUSTO 50X4½",6,"UND",57.488,344.928]
["2021-03-31","TABACO ( 19 )","CIGARRO CORONA-50X5","CIGARRO ROBUSTO-50X5",9533,"UND",73.95926,705053.62557999999]
["2021-03-31","TABACO ( 19 )","CIGARROS 44X5","CIGARROS CORONA 44X5",8115,"UND",167.98802000000001,1363222.7823000001]
["2021-03-31","TABACO ( 19 )","CIGARROS 50X6","CIGARRO ROBUSTO 50X6",4210,"UND",80.450329999999994,338695.88929999998]
["2021-03-31","TABACO ( 19 )","CIGARROS 52X6","CIGARROS ROBUSTO 52X6",2776,"UND",58.5,162396]
["2021-07-31","TABACO ( 19 )","CIGARROS 54X5","CIGARROS ROBUSTO 54X5",4389,"UND",200.822,881407.75800000003]
["2021-07-31","TABACO ( 19 )","CIGARROS 54X6","CIGARROS ROBUSTO 54X6",2759,"UND",132.98499000000001,366905.58741000004]
["2021-07-31","TABACO ( 19 )","CIGARROS 60X6","CIGARROS ROBUSTO 60X6",1188,"UND",70.290000000000006,83504.52]
["2021-07-31","TABACO ( 19 )","CIGC10(50X6)","CIGARRO ROBUSTO C10 50X6",9,"CAJA",207.08,1863.72]
["TOTAL",null,null,null,null,null,null,{"$f":"SUM(H90:H130)","v":4494463.5081399996}]
[]
[]
[]
[]
[]
["INSTITUTO DEL TABACO DE LA REPÚBLICA DOMINICANA"]
["INVENTARIO FABRICA DE CIGARROS"]
["MES DE JUNIO  2025"]
[]
["Fecha de adquisición y/o registro","Artículo","Código institucional","Descripción artículo","Existencia","Unidad","Costo","Valor"]
[]
[]
[]
[]
["2018-03-05","MAT. INDIRECTOS ( 20 )","ANILLO.B.D","ANILLO BANDERA DOM",1500,"UND",2.7730000000000001,{"$f":"+G146*E146","v":4159.5}]
["2018-03-06","GENERAL ( 21 )","VINOTINTO","VINO TINTO LA FUERZA",112,"UNIDAD",147.13901999999999,{"$f":"+G147*E147","v":16479.570239999997}]
["2018-03-07","MAT. INDIRECTOS ( 20 )","AGR","CIG.ROBUSTO AGR C10-54X6",61,"CAJA",532.00201000000004,32452.122610000002]
["2018-03-08","MAT. INDIRECTOS ( 20 )","CAJ.OKUME","CAJA OKUME 54X5 DE 10",30,"UND",256.59867000000003,7697.9601000000011]
["2018-03-09","MAT. INDIRECTOS ( 20 )","CAJA  AGR","CAJA  AGR 54X6 DE 10",128,"UND",591.66705000000002,75733.382400000002]
["2018-03-10","MAT. INDIRECTOS ( 20 )","CAJA OKUME","CAJ OKUME 54X6 DE10",40,"UND",280.44040000000001,11217.616]
["2018-03-11","MAT. INDIRECTOS ( 20 )","CAJA.OKUME","CAJ OKUME 60X5 DE 10",109,"UND",267.0061,29103.6649]
["2018-03-12","MAT. INDIRECTOS ( 20 )","CIG. C10 OKUME","CIG. ROBUSTO C10 54X6 OKUME",16,"CAJA",280,4480]
["2018-03-13","MAT. INDIRECTOS ( 20 )","CIG. C10-OKUME","CIG. ROBUSTO C10 60X5 OKUME",4,"CAJA",267,1068]
["2018-03-14","GENERAL ( 21 )","SHOPPING 1","SHOPPING MEDIANO",1180,"UND",51.072330000000001,60265.349399999999]
["2018-03-15","GENERAL ( 21 )","SHOPPING 2","SHOPPING GRANDE",660,"UND",66.114710000000002,43635.708599999998]
["2018-03-16","MAT. INDIRECTOS ( 20 )","CAJ20","CAJA 44X6 DE 20 UNIDADES",11,"CAJ 20",130.30779999999999,1433.3857999999998]
["2018-03-17","MAT. INDIRECTOS ( 20 )","CAJA 54X5","CAJA 54X5 DE 10 UNIDADES",30,"UND",205.0847,6152.5410000000002]
["2018-03-18","MAT. INDIRECTOS ( 20 )","CAJUELA DE CEDRO","CAJUELA DE CEDRO",19,"UND",665,12635]
["2018-03-19","MAT. INDIRECTOS ( 20 )","CELOFAN48X8","CELOFAN 48X8",10000,"UND",5.4840200000000001,54840.200000000004]
["2018-03-20","MAT. INDIRECTOS ( 20 )","SELLO DE GARANTIA","SELLO DE GARANTIA",10000,"UNIDAD",1.1446000000000001,11446]
["2018-03-21","MADERAS ( 9 )","CAJ-OKUME","CAJ OKUME 60X6 DE 10",160,"UND",292.48889000000003,46798.222400000006]
["2018-03-22","MAT. INDIRECTOS ( 20 )","CAJA 3","CIG.ROBUSTO C3 50X5",20,"CAJA",132,2640]
["2018-03-23","MAT. INDIRECTOS ( 20 )","P-C-195","PAPEL CELOFAN 1.95",3,"UND",14511.05,43533.149999999994]
["2018-03-24","OTROS ( 12 )","AN.60A","ANILLO C. DOM. ( 60 ANIVERSARIO)",10000,"UND",3.65,36500]
["2018-03-25","OTROS ( 12 )","C 64X8","CELOFAN 64X8",4,"MILLAR",1263.78,5055.12]
["2018-03-26","OTROS ( 12 )","CEL65X8","CELOFAN 65X8",5,"UND",1133.98,5669.9]
["2018-03-27","OTROS ( 12 )","CELOFAN 54X8","CELOFAN 54X8",12,"UND",1118.6400000000001,13423.68]
["2018-03-28","OTROS ( 12 )","CELOFAN- 58X8","CELOFAN 58X8",7,"MILLAR",1138.7,7970.9000000000005]
["2018-03-29","OTROS ( 12 )","CIG.60X5","CIGARRO ROBUSTO 60X5",199,"UND",69.861369999999994,13902.412629999999]
["2018-03-30","OTROS ( 12 )","PKNE","PAPEL KRAFT NO ENCERADO (ROLLO)",8,"UND",3481,27848]
["2018-03-31","OTROS ( 12 )","SBTA2C","SOBRES BLANCOS TIMB. A2 COLORES",2150,"UND",13.65,29347.5]
["2018-04-01","OTROS ( 12 )","SHOPING 3","SHOPING PEQUEÑOS",297,"UND",47.2,14018.400000000001]
["2018-04-02","TABACO ( 19 )","C-60X6","CIG. ROBUSTO C10 60X6 OKUME",12,"UND",292,3504]
["2018-04-03","TABACO ( 19 )","CIGAR 44X4 1/2","CIG. CORONA 44X4 1/2",88,"UND",51.308340000000001,4515.1339200000002]
["2018-04-04","TABACO ( 19 )","CIGARROS 60X5","CIGARROS ROBUSTO 60X5",151,"UND",70.289850000000001,10613.76735]
["2018-04-05","MAT. INDIRECTOS ( 20 )","CIG. OKUME","CIG. ROBUSTO C10 52X6 OKUME",2,"CAJA",265,530]
["2018-04-06","TABACO ( 19 )","CIGARRO CORONA50X4½","CIGARRO ROBUSTO 50X4½",6,"UND",57.488,344.928]
["2018-04-07","TABACO ( 19 )","CIGARRO CORONA-50X5","CIGARRO ROBUSTO-50X5",7081,"UND",73.831040000000002,522797.59424000001]
["2018-04-08","TABACO ( 19 )","CIGARROS 44X5","CIGARROS CORONA 44X5",8115,"UND",167.98802000000001,1363222.7823000001]
["2018-04-09","TABACO ( 19 )","CIGARROS 50X6","CIGARRO ROBUSTO 50X6",4445,"UND",78.041470000000004,346894.33415000001]
["2018-04-10","TABACO ( 19 )","CIGARROS 52X6","CIGARROS ROBUSTO 52X6",3686,"UND",58.5,215631]
["2018-04-11","TABACO ( 19 )","CIGARROS 54X5","CIGARROS ROBUSTO 54X5",3896,"UND",200.822,782402.51199999999]
["2018-04-12","TABACO ( 19 )","CIGARROS 54X6","CIGARROS ROBUSTO 54X6",2259,"UND",132.98499000000001,300413.09241000004]
["2018-04-13","TABACO ( 19 )","CIGARROS 60X6","CIGARROS ROBUSTO 60X6",995,"UND",70.290000000000006,69938.55]
["2018-04-14","TABACO ( 19 )","CIGC10(50X6)","CIGARRO ROBUSTO C10 50X6",9,"CAJA",207.08,1863.72]
["TOTAL",null,null,null,null,null,null,{"$f":"SUM(H146:H186)","v":4242178.7004500004}]